Sporting seusations : great moments in world sport

Bibliographic Details
Format: Book
Published: London : Ward Lock , 1993
Subjects:

MARC

LEADER 00000cam a2200000 7i4500
001 0000004966
002 000005354
005 20000330.0
020 |a 0706371275 
090 0 0 |a 796   |b SPO 
245 0 0 |a Sporting seusations :   |b great moments in world sport 
260 |a London :   |b Ward Lock ,   |c 1993 
300 |a 176 p. ;   |c 22 cm. 
650 0 0 |a Sports 
999 |a 033153   |b BUKU   |c PINJAMAN   |e PERPUSTAKAAN KOMUNITI PETALING JAYA